000 00719nam a2200229 a 4500
999 _c12531
_d12531
001 12531
003 BD-JhCC
005 20220725134023.0
008 220725s20222018bg |||| |||| 000 0 ban d
020 _a9789845028622
035 _a(BD-JhCC)12531
040 _aBD-JhCC
_dBD-JhCC
041 _aban
082 _a891.443
_bHOS 2022
100 _aহোসাইন, সাদাত
245 _aনিঃসঙ্গ নক্ষত্র /
_cসাদাত হোসাইন
260 _aঢাকা :
_bঅন্যপ্রকাশ,
_c২০২২
300 _a২৫৮ পৃ. :
_c২৪ সেমি.
650 _aBengla Novel
650 _aবাংলা উপন্যাস
942 _2ddc
_cBK
_01